00690nam a22001817a 4500952015500000999001700155003000900172005001700181008004100198040002300239082001300262100003200275245008100307260004600388300002100434600004100455942001200496 00102ddc40718NFICaASLbASLcHCd2020-10-13eDonated by Prof. John B. Harrisonl0o954 OPEp101743r2020-10-13 00:00:00tC-1w2020-10-13yBKzRARE c18551d18551BDDh-ASL20231015025719.0201013q1888 enk||||| |||| 00| 0 eng d aBDDh-ASLcBDDh-ASL a954bOPE1 91361aKhan, Syed AhmedcSir aOpen Letters to Sir Syed Ahmed Khan/cby the Son of an Old Follower of His.  aLondon:bIndian Political Agency, c1888? a29 p. :c19 cm. 1091361aKhan, Syed AhmedcSirxLetters 2ddccBK